American Breakfast Cereals Quiz Stats

 Plays Quiz Updated Aug 30, 2018

Score 0/38 Timer 08:00
1 Play Today
Year Introduced Cereal % Correct
General MillsCheerios
84.2%
Kellogg'sFrosted Flakes
83%
Kellogg'sRice Krispies
68.8%
Kellogg'sCorn Flakes
68.2%
Kellogg'sFroot Loops
67.2%
General MillsLucky Charms
65.3%
Kellogg'sRaisin Bran
58.8%
Post CerealsPost Raisin Bran
58.7%
Quaker OatsCap'n Crunch
54.8%
General MillsWheaties
50.3%
General MillsTrix
48.5%
Kellogg'sSpecial K
47.9%
Kellogg'sApple Jacks
44.7%
General MillsCocoa Puffs
43.4%
Kellogg'sFrosted Mini-Wheats
40.6%
Kellogg'sCorn Pops
39.1%
General MillsKix
39%
General MillsChex
37.5%
Quaker OatsLife
35.4%
Year Introduced Cereal % Correct
Kellogg'sHoney Smacks
31%
Post CerealsShredded Wheat
30.8%
Post CerealsGrape-Nuts
25.1%
Post CerealsHoneycomb
24.5%
Kellogg'sCocoa Krispies
18.6%
General MillsTotal
18.5%
Kellogg'sBran Flakes
17.3%
Kellogg'sAll-Bran
12.8%
Post CerealsAlpha-Bits
11.7%
Post CerealsGolden Crisp
7.9%
Quaker OatsCap'n Crunch's Crunch Berries
6.8%
Quaker OatsPuffed Rice
5.9%
Quaker OatsQuisp
5.6%
Quaker OatsPuffed Wheat
5.5%
General MillsPeanut Butter Crunch
4.4%
Kellogg'sProduct 19
3.3%
General MillsKaboom
1.7%
U.S. MillsUncle Sam Cereal
1.6%
Post CerealsGrape Nuts Flakes
1.3%

You're not logged in!

Compare scores with friends on all Sporcle quizzes.
OR
Log In

Sporcle TV

Today on Sporcle TV


Watch our educational content, quiz creation guides, and fun videos on Sporcle TV.

Show Comments

Extras

Top Quizzes Today


Score Distribution

Your Account Isn't Verified!

In order to create a playlist on Sporcle, you need to verify the email address you used during registration. Go to your Sporcle Settings to finish the process.

Report this User

Report this user for behavior that violates our Community Guidelines.

Details: